000 00585nam a2200205 i 4500
001 109085
003 ES-MaACL
005 20230906184755.0
007 t|
008 061121s1969 sp |||| | spa d
100 1 _aMiró, Gabriel.
_981602
245 1 0 _aFiguras de la Pasión del Señor /
_cGabriel Miró.
260 _aMadrid :
_bGuadarrama,
_c1969.
300 _a270 p. ;
_c18 cm.
490 1 _aPunto Omega ;
_v60
600 0 4 _aJesucristo-
_xPasión-
_vObras literarias.
_9170546
830 0 _aPunto Omega ;
_v60
_9180707
852 _aES-MaACL
_jC-51236
999 _c109085
_d109085